00546 a2200169 450000500170000000800410001701000140005802000110007203500130008303700180009608200130011410000200012724500440014726000440019127001160023530000250035120080912160345.0080912t xxu||||| |||| 00| 0 eng d aENG-87765 c150.00 aEN-71298 bD.B.Act / Pub a658.8342 aSontakki, C. N. aConsumer behaviourcby C. N. Sontakki aMumbaibHimalaya Publishing Housec2006 a"Ramdoot", Dr. Bhalerao Marg, (Kelewadi), GirgaonbMumbaie400 004k022-23860170, 022-23863863mhimpub@vsnl.com a315 p.c24 cm. (Pbk)